logo

Bir Sreshtho Munshi Abdur Rouf Library
Jhenaidah Cadet College

The prefects : (Record no. 7196)

MARC details
000 -LEADER
fixed length control field 00968cam a22002651 4500
001 - CONTROL NUMBER
JCCL Control Number 7196
003 - CONTROL NUMBER IDENTIFIER
JCCL marc code BD-JhCC
005 - DATE AND TIME OF LATEST TRANSACTION
control field 20180422184208.0
008 - FIXED-LENGTH DATA ELEMENTS--GENERAL INFORMATION
fixed length control field 711130s1964 enk b 000 0 eng
035 ## - SYSTEM CONTROL NUMBER
system control number (BD-JhCC)7196
035 ## - SYSTEM CONTROL NUMBER
system control number (OCoLC)176740
040 ## - CATALOGING SOURCE
Original cataloging agency DLC
Transcribing agency ODaWU
Modifying agency OCoLC
-- Uk
-- DLC
-- (BD-JhCC)
041 ## - LANGUAGE CODE
Language code of Book eng
050 00 - LIBRARY OF CONGRESS CALL NUMBER
Classification number LA634
Item number .W52
082 ## - DEWEY DECIMAL CLASSIFICATION NUMBER
Author mark and Year WIL 1964
Classification number 373.2240941
100 1# - MAIN ENTRY--PERSONAL NAME
Personal name Wilkinson, Rupert.
245 14 - TITLE STATEMENT
Title The prefects :
Remainder of title British leadership and the public school tradition a comparative study in the making of rulers.
Statement of responsibility, etc Rupert Wilkinson,
260 ## - PUBLICATION, DISTRIBUTION, ETC. (IMPRINT)
Place of publication, distribution, etc London,
-- New York,
Name of publisher, distributor, etc Oxford University Press,
Date of publication, distribution, etc 1964.
300 ## - PHYSICAL DESCRIPTION
Pagination xv, 243 p.
Dimensions 23 cm.
500 ## - GENERAL NOTE
General note "An undergraduate honours thesis presented to the Government Department, Harvard University, in the spring of 1961."
504 ## - BIBLIOGRAPHY, ETC. NOTE
Bibliography, etc Bibliography: p. 231-237.
650 #0 - SUBJECT ADDED ENTRY--TOPICAL TERM
Topical term or geographic name as entry element Endowed public schools (Great Britain)
651 #0 - SUBJECT ADDED ENTRY--GEOGRAPHIC NAME
Geographic name Great Britain
General subdivision Officials and employees.
942 ## - ADDED ENTRY ELEMENTS (KOHA)
Source of classification or shelving scheme Dewey Decimal Classification
Koha item type Books
Holdings
Source of classification or shelving scheme Damaged status Not for loan Home library Current library Shelving location Total Checkouts Full call number Barcode Date last seen Copy number Koha item type
Dewey Decimal Classification     JCC Rouf Library JCC Rouf Library General Stacks   373.2240941 WIL 1964 9761 02/06/2018 C - 1 Books

JCC Library | Contacts | JCC Home

Last Update on 23 September 2017
Copyright @ 2017-2020 JCC Rouf Library
Rouf Library, Jhenidah Cadet College (JCC), Bangladesh